{"text_format":"3","workbook":"xls","n_sheets":1,"sheets":["接受医疗物资捐赠明细"],"not_rendered":{"external_links":1},"read":"whole","date_system":"1900","formulas":"cached_only"}

{"sheet":"接受医疗物资捐赠明细","index":0,"n_rows":14,"n_cols":9,"rows_kept":14,"merged":[[13,0,13,8]],"flags":["formulas_cached_only"]}
["序号","捐赠单位/个人","物品编码","物品名称","型号","单位","数量","单价","金额"]
[1,"广东中科天元新能源科技有限公司","0205-01","75%药用乙醇","15kg","桶",20,{"v":295.8,"d":"295.80"},{"v":5916,"d":"5,916.00"}]
[2,"个人（李卫红女士）","I000011650","KN95口罩",null,"个",300,28.23,{"v":8469,"d":"8,469.00"}]
[3,"诺康得医疗科技（深圳）有限公司","I000011651","防护服envirochem",null,"件",100,{"v":230,"d":"230.00"},{"v":23000,"d":"23,000.00"}]
[4,"个人（小七，微信名）","I000011710","3M 口罩",8810,"个",80,28.23,{"v":2258.4,"d":"2,258.40"}]
[null,"个人（小七，微信名）","I000011711","3M 口罩","C111","个",10,28.23,{"v":282.3,"d":"282.30"}]
[5,"广州市声望健康信息咨询有限公司","I000011666","一次性医用外口罩",null,"个",5000,{"v":0.9,"d":"0.90"},{"v":4500,"d":"4,500.00"}]
[6,"个人（沈斐、仲黎明）","I000011666","医用外科口罩",null,"个",1000,{"v":0.9,"d":"0.90"},{"v":900,"d":"900.00"}]
[7,"农行广州华南支行","I000011666","普通医用口罩",null,"个",1600,{"v":0.9,"d":"0.90"},{"v":1440,"d":"1,440.00"}]
[8,"河南强森商贸有限公司","I000011713","普通医用口罩",null,"个",400,{"v":0.9,"d":"0.90"},{"v":360,"d":"360.00"}]
[9,"南昌报春医疗器械有限公司","I000011666","普通医用口罩",null,"个",1080,{"v":0.9,"d":"0.90"},{"v":972,"d":"972.00"}]
[10,"个人（不留名）","I000011713","普通医用口罩",null,"个",200,{"v":0.9,"d":"0.90"},{"v":180,"d":"180.00"}]
[{"$nulls":8},{"v":48277.700000000004,"d":"48,277.70"}]
["说明：1、在捐赠文件中注明单价的，按该单价标记。2、在捐赠文件中未注明单价的，按仓库的最近采购价标记。"]